Statistics for UNC players 2015-2022

Click here to take the quiz!

General Stats

  • This quiz has been taken 3 times
  • The average score is 14 of 43

Answer Stats

Answer% Correct
Armando Bacot
100%
Caleb Love
100%
Justin Jackson
100%
Leaky Black
100%
RJ Davis
100%
Anthony Harris
50%
Brady Manek
50%
Brice Johnson
50%
Cam Johnson
50%
Coby White
50%
Cole Anthony
50%
Isaiah Hicks
50%
Joel Berry
50%
Kennedy Meeks
50%
KJ Smith
50%
Luke Maye
50%
Marcus Paige
50%
Nassir Little
50%
Nate Britt
50%
Puff Johnson
50%
Stilman White
50%
Theo Pinson
50%
Tony Bradley
50%
Andrew Platek
0%
Brandon Huffman
0%
Brandon Robinson
0%
Christian Keeling
0%
Dawson Garcia
0%
Day’Ron Sharpe
0%
D’Marco Dunn
0%
Dontrez Styles
0%
Garrison Brooks
0%
Jalek Felton
0%
Joel James
0%
Justin McCoy
0%
Justin Pierce
0%
Kenny Williams
0%
Kerwin Walton
0%
Ryan McAdoo
0%
Seventh Woods
0%
Sterling Manley
0%
Walker Kessler
0%
Walker Miller
0%

Score Distribution

Percentile by Number Answered

Percent of People with Each Score

Your Score History

You have not taken this quiz